00543nam a22001697a 450000500170000001000150001702000260003203500140005803700130007208200080008510000220009324500990011526000340021427000500024830000240029850000510032220180724100850.0 aENG-123539 c850.00a9789386552280 aEN-107071 bDBAD/PUB a864 aSatpathy, Sumanyu aWill to argue :cby Sumanyu Satpatybstudies in late colonial and postcolonial controversies / aNew DelhibPrimus Booksc2017 aArakashan Road, Paharganj,bNew Delhie110055 ax,222p.c24cm. (Hb) aIt includes index, appendix and bibliography.